La seconde vie de Michel Teissier (Registro nro. 323831)

Detalles MARC
000 -ENCABEZADO
Número de control [NR] 01501nam a22002657a 4500
005 - FECHA Y HORA DE LA ÚLTIMA TRANSACCIÓN
control field 20240131114753.0
008 - DE LONGITUD FIJA DE DATOS DE ELEMENTOS - INFORMACIÓN GENERAL
Elementos de longitud fija [NR] 130821s1918 fr fr f fre
040 ## - FUENTE DE CATALOGACION [NR]
Agencia de catalogación original [NR] Co-BoUCM
Idioma de catalogación [NR] spa
Quien Cataloga Sandra Yazo
Quien Clasifica Sandra Yazo
041 00 - CODIGO DE IDIOMA [R]
Código de idioma para texto/pista de sonido o título separado [R] Francés
082 04 - NUMERO DE CLASIFICACION DECIMAL DEWEY [R]
Número de clasificación [R] 839
Número de la edición [NR] 20
092 ## - SIGNATURA TOPOGRAFICA LOCAL
Número de clasificación local E52N158
100 1# - ASIENTO PRINCIPAL--NOMBRE PERSONAL [NR]
Nombre personal [NR] Rod, Édouard
ID Autoridad 149805
Fechas asociadas con el nombre [NR] 1857-1910
242 03 - TRADUCCION DEL TITULO POR LA AGENCIA CATALOGADORA [R]
Título [NR] La segunda vida de Miguel Teissier
Mención de responsabilidad, etc. [NR] Eduardo Rod
Código de idioma del título traducido [NR] spa
245 13 - MENCION DE TITULO [NR]
Título [NR] La seconde vie de Michel Teissier
Mención de responsabilidad, etc. [NR] Édouard Rod
260 ## - PUBLICACION, DISTRIBUCION, ETC. (PIE DE IMPRENTA) [R]
Lugar de publicación, distribución, etc. [R] París (Francia)
Nombre del editor, distribuidor, etc. [R] Librairie Académique ; Perrin et Cie. ; Imprimerie E. Grevin [Librería Académica ; Perrin y Compañía ; Imprenta de E. Grevin]
Fecha de publicación, distribución, etc. [R] 1918
300 ## - DESCRIPCION FISICA [R]
Extensión [R] 313 páginas
Dimensiones [R] 18 x 11 cm.
500 ## - NOTA GENERAL [R]
Nota general [NR] Detalles físicos: Sin encuadernación original, actualmente encuadernación rígida (holandesa) en cartón forrado en papel jaspeado. Lomo de tela, con letras y líneas decorativas en dorado. Guardas. Hoja de cortesía. Anteportada. Portada impresa en una sola tinta. Dedicatoria. Texto impreso en una sola columna con diferentes tipos y tamaños de letra. Índice final. Papel muy manchado por oxidación. Ej.1 esquina superior de tapa delantera, doblada. Ej. 2: lomo manchado. Restos de rótulos antiguos en lomo. Anteportada y portada suelta.
505 2# - NOTA DE CONTENIDO CON FORMATO PREESTABLECIDO [R]
Nota de contenido con formato preestablecido [NR] Capítulos I a X
506 ## - NOTA DE RESTRICCIONES DE ACCESO [R]
Condiciones de acceso [NR] Consulta en sala
546 ## - NOTA DE IDIOMA [R]
Nota de idioma [NR] Texto en francés
650 07 - ASIENTO SECUNDARIO DE MATERIA - TERMINO TEMATICO [R]
Término temático o nombre geográfico como elemento de entrada [NR] Literatura suiza
9 (RLIN) 18747
650 07 - ASIENTO SECUNDARIO DE MATERIA - TERMINO TEMATICO [R]
Término temático o nombre geográfico como elemento de entrada [NR] Novela suiza
9 (RLIN) 20579
690 ## - ASUNTO AGREGADO LOCAL DE ENTRADA - TÉRMINO TEMÁTICO (OCLC, RLIN)
Acceso temático local Literatura europea
9 (RLIN) 26524
942 ## - ELEMENTOS DE ENTRADA AGREGADOS (KOHA)
Tipo de ítem principal el descrito en 300a Libro
Tema principal 18
Edición 1
Título oculto en OPAC No
Sistema de clasificación LOCAL
Clasificación E52N158
Existencias
Suprimido Perdido Sistema de clasificación Dañado No prestable Tipo de ítem específico Ubicación habitual Ubicación actual Localización Fecha de creación Forma de adquisición Costo Total préstamos Signatura topográfica Código de barras Última vez visto Ejemplar Price effective from Tipo de ítem
    LOCAL     Libro archivo Archivo Histórico Archivo Histórico Archivo histórico 31/01/2024 Donación 0.00   E52N158 L006994 31/01/2024 Ej.1 31/01/2024 Libro
    LOCAL     Libro archivo Archivo Histórico Archivo Histórico Archivo histórico 31/01/2024 Donación 0.00   E52N158 L006997 31/01/2024 Ej.2 31/01/2024 Libro